Banco de la República : (Registro nro. 20275)

Detalles MARC
000 -CABECERA
Campo de control 01107nam a2200265 a 4500
005 - FECHA Y HORA DE LA ULTIMA TRANSACCION
Campo de control 20180731111744.0
008 - ELEMENTOS DE LONGITUD FIJA—INFORMACION GENERAL
Campo de control 180731s2017 ck o||||d|||| 00| 0 spa d
020 ## - ISBN
ISBN 9789586643603
040 ## - FUENTE DE CATALOGACIÓN
Agencia catalogadora original CO-BoIAVH
Agencia transcriptora CO-BoIAVH
041 0# - IDIOMA
Código de idioma para texto/pista de sonido o título separado Español
044 ## - PAÍS DE PUBLICACIÓN
País de publicación Colombia
082 04 - NUMERO DE CLASIFICACION DECIMAL DEWEY
Número de clasificación 720.9861
Número del ítem B22b
110 2# - ASIENTO PRINCIPAL--NOMBRE CORPORATIVO
Nombre corporativo o de jurisdicción como elemento de entrada Banco de la República (Bogotá)
9 (RLIN) 91982
245 10 - MENCION DE TITULO
Título Banco de la República :
Parte restante del título arquitectura, cultura, patrimonio /
Mención de responsabilidad textos Andres Arias Vásquez y Luis Fernando Carrasco Zaldúa ; fotografía Antrnio Castañeda Buraglia y Oscar Monsalve
260 ## - PUBLICACION, DISTRIBUCION, ETC. (PIE DE IMPRENTA)
Lugar de publicación, distribución, etc. Bogotá (Colombia) :
Nombre del editor, distribuidor, etc. Banco de la República,
Fecha de publicación, distribución, etc. 2017.
300 ## - DESCRIPCION FISICA
Extensión 192 páginas :
Otros detalles físicos fotgrafías ;
Dimensiones 29 x 24 cm.
610 2# - ASIENTO SECUNDARIO DE MATERIA - NOMBRE CORPORATIVO
Nombre corporativo o nombre de la jurisdicción como elemento de entrad Banco de la República (Bogotá)
Subdivisión general Arquitectura
9 (RLIN) 91983
610 2# - ASIENTO SECUNDARIO DE MATERIA - NOMBRE CORPORATIVO
Nombre corporativo o nombre de la jurisdicción como elemento de entrad Banco de la República (Bogotá)
Subdivisión general Historia
9 (RLIN) 91984
650 26 - ASIENTO SECUNDARIO DE MATERIA - TERMINO TEMATICO
Término temático o nombre geográfico como elemento de entrada Patrimonio cultural
Subdivisión geográfica Colombia
9 (RLIN) 91985
700 1# - ASIENTO SECUNDARIO - NOMBRE PERSONAL
Nombre personal Arias, Andrés
Término de relación autor
9 (RLIN) 91986
700 1# - ASIENTO SECUNDARIO - NOMBRE PERSONAL
Nombre personal Carrasco Zaldúa, Luis Fernando
Término de relación autor
9 (RLIN) 91979
700 1# - ASIENTO SECUNDARIO - NOMBRE PERSONAL
Nombre personal Castañeda Buraglia, Antonio
Término de relación fotografías
9 (RLIN) 91980
700 1# - ASIENTO SECUNDARIO - NOMBRE PERSONAL
Nombre personal Monsalve, Oscar
Término de relación fotografías
9 (RLIN) 91987
942 ## - ELEMENTOS ADICIONALES (KOHA)
Sistema de clasificación Dewey Decimal Classification
Tipo de ítem Libro
Existencias
Withdrawn status Lost status Sistema de Clasificación Damaged status No para préstamo Colección Inventariado Ubicación Permanente Ubicación actual Fecha de adquisición Fuente de Valor Valor Total Checkouts Número topográfico Inventario / Código de Barras Date last seen Date checked out Ejemplar Price effective from Forma de adquisición Tipo de material
    Dewey Decimal Classification     General Inventariado 2018 Bogotá Bogotá 31/07/2018 Banco de la República 130000.00 1 LB-720.9861 B22b 030305 15/08/2018 15/08/2018 Ej. 1 31/07/2018 Donación Libro